000 00575nam a2200157Ia 4500
008 160316s2009 xxu||||| |||| 00| 0 eng d
082 _a350.000000
_bGOE
100 _aGoel S.L.
245 _aThe Indian Journal of Public Administration, Quarterly, Special number on right to information present status and issues, Jul.-Sep.2009 Vol.LV(3)
250 _a
260 _a
_bThe Indian Institute of Public Administration
_c2009
300 _a804
_b
_c
365 _b
650 _aInformation rights, public administration, right to information act, legal issues
700 _a
_a
999 _c31412
_d31412